Представление документа в формате RUSMARC

ПолеНазваниеЗначение
  Тип записи c
  Библиографический уровень m
001 Контрольный номер RU/IS/BASE/630153328
005 Дата корректировки 20251125130929.4
010 Индекс ISBN __
9 Тираж 25000 экз.
013 Номер (ISMN) __
d Цена 70 к.
071 Издательские номер (звукозапись и ноты) 21
a Номер, присвоенный агентством 5381
100 Данные общей обработки __
a Данные общей обработки 20191220d2019 u y0rusy0189 ca
101 Язык документа 0_
a Язык текста rus
f Язык титульного листа rus
102 Страна публикации __
a Страна публикации RU
105 Кодированные данные (монография) __
a Кодированные данные (монография) y###||||000|y
125 Кодированные данные звукозаписи и нотных изданий __
a Форма изложения нотного текста с|
128 Кодированные данные (звукозаписи-физические характеристики) __
a Кодированные данные: Музыкальная форма и тональность или лад chs
c Инструменты или голоса, рекомендуемые для солистов (устаревшее) kt||
200 Заглавие и сведения об ответственности 1_
a Заглавие Вып. 1
f Первые сведения об ответственности сост. И. П. Савинцев
210 Выходные данные 1_
d Дата издания 1985
215 Физическое описание __
a Объем 52 с.
327 Примечание о содержании 11
a Примечание о содержании Содерж.: Чичков Ю. Наша школьная страна / сл. К. Ибряева. - Островский А. Пусть всегда будет солнце! ; Школьная полька / сл. Л. Ошанина. - Дунаевский И. Спой нам, ветер... : песня из кф. "Дети капитана Гранта" / сл. В. Лебедева-Кумача ; Весенний марш. - Шаинский В. Вместе весело шагать / сл. М. Матусовского. - Кабалевский Д. Школьные годы / сл. Е. Долматовского. - Бабаджанян А. Детства последний звонок / сл. М. Пляцковского. - Туликов С. Не повторяется такое никогда / сл. М. Пляцковского. - Богословский Н. Песня выпускников из кинофильма "Разные судьбы" / сл. Н. Доризо. - Агафонов О. Парни мы из ПТУ / сл. А. Ламм. - Савельев Б. Конопатая девчонка / сл. М. Пляцковского. - Журбин А. Если город танцует / сл. И. Резника. - Глиэр Р. Яблочко : Танец из балета "Красный цветок". - Саульский Ю. На отдыхе. - Фиготин Б. Карнавал. - Бяшаров Ш. Оптимисты. - Лехтинен Р. Летка-енка. - Кемпферт Б. Веселый трубач. - Легран И. Шербурские зонтики.
461 Уровень набора _0
1 001RU/IS/BASE/630152739
1 200
a На школьном вечере
b Ноты
e пьесы, песни, танцы
e для баяна или аккордеона [с надпис. текстом]
v Вып. 1
1 210
a М.
c Советский композитор
d 1981 -
464 Аналитический уровень _0
1 2001
a Наша школьная страна
e Не крутите пестрый глобус...
1 700 1
a Чичков
b Ю.
1 702 1
a Ибряев
b К.
4 520
464 Аналитический уровень _0
1 2001
a Пусть всегда будет солнце!
e Солнечный круг, небо вокруг...
1 700 1
a Островский
b А.
1 702 1
a Ошанин
b Л.
4 520
464 Аналитический уровень _0
1 2001
a Спой нам, ветер...
e А ну-ка, песню нам пропой, веселый ветер...
e песня из кф. "Дети капитана Гранта"
1 700 1
a Дунаевский
b И.
1 702 1
a Лебедев-Кумач
b А.
4 520
1 50010
a Дети капитана Гранта
464 Аналитический уровень _0
1 2001
a Вместе весело шагать
1 700 1
a Шаинский
b В.
1 702 1
a Матусовский
b М.
4 520
464 Аналитический уровень _0
1 2001
a Школьные годы
e В первый погожий сентябрьский денек...
1 700 1
a Кабалевский
b Д.
1 702 1
a Долматовский
b Е.
4 520
464 Аналитический уровень _0
1 2001
a Детства последний звонок
e Еще мы помним школьные экзамены...
1 700 1
a Бабаджанян
b А.
1 702 1
a Пляцковский
b М.
4 520
464 Аналитический уровень _0
1 2001
a Не повторяется такое никогда
e В школьное окно смотрят облака...
1 700 1
a Туликов
b С.
1 702 1
a Пляцковский
b М.
4 520
464 Аналитический уровень _0
1 2001
a Песня выпускников из кинофильма "Разные судьбы"
e Ты надела праздничное платьице...
1 700 1
a Богословский
b Н.
1 702 1
a Доризо
b Н.
4 520
1 50010
a Разные судьбы
464 Аналитический уровень _0
1 2001
a Парни мы из ПТУ
e Работящих и умелых...
1 700 1
a Агафонов
b О.
1 702 1
a Ламм
b А.
4 520
464 Аналитический уровень _0
1 2001
a Конопатая девчонка
e Никуда не деться...
1 700 1
a Савельев
b Б.
1 702 1
a Пляцковский
b М.
4 520
464 Аналитический уровень _0
1 2001
a Если город танцует
e Просыпайся рассвет...
1 700 1
a Журбин
b А.
1 702 1
a Резник
b И.
4 520
464 Аналитический уровень _0
1 2001
a Яблочко
e танец из балета "Красный цветок"
1 700 1
a Глиэр
b Р.
1 50010
a Красный цветок
464 Аналитический уровень _0
1 2001
a На отдыхе
1 700 1
a Саульский
b Ю.
464 Аналитический уровень _0
1 2001
a Карнавал
1 700 1
a Фиготин
b Б.
464 Аналитический уровень _0
1 2001
a Оптимисты
1 700 1
a Бяшаров
b Ш.
464 Аналитический уровень _0
1 2001
a Летка-енка
1 700 1
a Лехтинен
b Р.
464 Аналитический уровень _0
1 2001
a Веселый трубач
1 700 1
a Кемпферт
b Б.
464 Аналитический уровень _0
1 2001
a Шербурские зонтики
1 700 1
a Легран
b И.
464 Аналитический уровень _0
1 2001
a Школьная полька
e Хороша сегодня школа...
1 700 1
a Островский
b А.
1 702 1
a Ошанин
b Л.
4 520
464 Аналитический уровень _0
1 2001
a Весенний марш
1 700 1
a Дунаевский
b И.
512 Заглавие обложки 1_
a Заглавие обложки На школьном вечере
606 Тематические рубрики 0_
a Основная рубрика Баян
x Основная подрубрика Песни детские
x Основная подрубрика Песни о школе
610 Ключевые слова 0_
a Ключевые слова баян
610 Ключевые слова 0_
a Ключевые слова аккордеон
610 Ключевые слова 0_
a Ключевые слова детские песни
610 Ключевые слова 0_
a Ключевые слова песни детские
610 Ключевые слова 0_
a Ключевые слова хоры детские
610 Ключевые слова 0_
a Ключевые слова песни о школе
610 Ключевые слова 0_
a Ключевые слова песни о мире
686 Индексы других классификаций __
a Классификационный индекс 85.954.6-09я43
a Классификационный индекс 85.954.7-09я43
2 Код системы rubbk
702 Вторичная интеллектуальная ответственность _1
a Фамилия Савинцев
b Имя (инициалы) И. П.
4 Код отношения 220
801 Источник записи _0
a Страна RU
b Организация Ульяновская ОНБ
c Дата составления 20191220
g Правила каталогизации RCR
801 Источник записи _1
a Страна RU
b Организация Ульяновская ОНБ
c Дата составления 20191220
g Правила каталогизации RCR
901 Тип документа __
t Тип документа n
w Контрольный № источника RU/IS/BASE/630152739
909 Создатель записи __
a Создатель записи Никитина Т. А.
938 Служебная информация __
a Имя БД noti
b Имя библиотеки УОНБ
c Имя АИБС МАРК-SQL
d Номер DOC_ID в БД 21698